Statistics for Manchester United Trivia

Click here to take the quiz!

General Stats

  • This quiz has been taken 5,855 times
  • The average score is 9 of 12

Answer Stats

HintAnswer% Correct
How many times have Manchester United won the Champions League?3
98%
What country are the Rafael and Fabio Da Silva twins from?Brazil
95%
Who was Manchester United's top goalscorer in the 2011-2012 season?Wayne Rooney
94%
In what stadium do Manchester United play?Old Trafford
93%
What Japanese international have Manchester United signed from Borussia Dortmund?Shinji Kagawa
92%
What Serbian centre back was out for the majority of the 2011-2012 campaign?Nemanja Vidic
90%
How many times have Manchester United won the Barclays Premier League?12
88%
Who were the only team to finish above Manchester United in the 2011-2012 season?Manchester City
86%
Who are Manchester United's sponsor?Aon
65%
To the nearest thousand, what is the capacity of Manchester United's stadium?76,000
58%
What Manchester United player was captain for the majority of matches in the 2011-2012 season?Patrice Evra
51%
Who has recently departed from Manchester United to Queens Park Rangers?Park Ji Sung
40%

Score Distribution

Percentile by Number Answered

Percent of People with Each Score

Your Score History

You have not taken this quiz